| 000 | 01020nac a22003017a 4500 | ||
|---|---|---|---|
| 001 | BR9101574 | ||
| 003 | BR-BrBNA | ||
| 005 | 20240105121149.0 | ||
| 008 | 230509b bl.|||m| |||| 00| 0 por d | ||
| 040 |
_aBR-BrBNA _bpor _cBiblioteca Nacional de Agricultura |
||
| 072 | _aL02 | ||
| 090 | _a5212 BR9101574 | ||
| 100 | 1 | _aCarvalho Filho, O.M. de | |
| 100 | 1 | _aLanguidey, P.H. | |
| 110 | 1 |
_aCentro Nacional de Pesquisa de Coco, Aracaju, SE (Brasil) _91760 |
|
| 245 | 1 | _aEfeito do pastejo suplementar em banco de proteina de leucaena no acabamento de novilhas de corte em pastagem de capim-buffel | |
| 260 | 3 |
_aAracaju, SE (Brasil): _c1991. |
|
| 300 | _a8 p. | ||
| 490 |
_aComunicado Tecnico - Centro Nacional de Pesquisa de Coco (Brazil) _vno. 29 _xISSN 0102-9967 |
||
| 650 | _aNOVILHO DE CORTE | ||
| 650 | _aGADO ZEBU | ||
| 650 | _aCAPIM BUFFEL | ||
| 650 | _aPASTEJO | ||
| 650 | _aSUPLEMENTO ALIMENTAR | ||
| 650 | _aPROTEINA | ||
| 909 |
_a202312 _bLúcia Elande _c55 _dLúcia Elande |
||
| 942 |
_2AGRIS _n0 _cMS |
||
| 999 |
_c283686 _d283686 |
||